[Event "Mitropa Cup 22nd"]
[Site "Pula"]
[Date "2003.05.19"]
[Round "3"]
[White "Scalcione, Michelangelo"]
[Black "Lenic, Luka"]
[Result "0-1"]
[WhiteElo "2366"]
[BlackElo "2399"]
[PlyCount "90"]
[EventDate "2003.05.17"]
[EventType "team-tourn"]
[EventRounds "9"]
[EventCountry "CRO"]
[Source "ChessBase"]
[SourceDate "2003.07.09"]

1. Nf3 g6 2. c4 Bg7 3. d4 d6 4. Nc3 Nf6 5. e4 O-O 6. Be2 e5 7. Be3 Ng4 8. Bg5
f6 9. Bc1 f5 10. exf5 exd4 11. Bg5 Qd7 12. Nd5 gxf5 13. Ne7+ Kh8 14. Nxd4 Nc6
15. Ndxc6 bxc6 16. Nxc8 Raxc8 17. Qd2 Rb8 18. Rb1 Ne5 19. Be3 f4 20. Bd4 f3 21.
Bxe5 Bxe5 22. Bxf3 Rxf3 23. gxf3 Qf5 24. Qd1 Re8 25. h4 Bh2+ 26. Kd2 Bf4+ 27.
Kc3 Be5+ 28. Kb3 Rb8+ 29. Ka4 Qc8 30. b4 Qa6+ 31. Kb3 Rxb4+ 32. Kxb4 Qxa2 33.
Qa4 c5+ 34. Ka5 Bc3+ 35. Kb5 c6+ 36. Kxc6 Qxa4+ 37. Kxd6 Qa6+ 38. Kxc5 Qc8+ 39.
Kd5 Qd7+ 40. Ke4 Qd4+ 41. Kf5 Qf6+ 42. Ke4 Qd4+ 43. Kf5 Qc5+ 44. Kg4 Be5 45.
Kh3 Qxf2 0-1

[Event "Mitropa Cup 22nd"]
[Site "Pula"]
[Date "2003.05.19"]
[Round "3"]
[White "Sulava, Nenad"]
[Black "Tibensky, Robert"]
[Result "1-0"]
[WhiteElo "2516"]
[BlackElo "2438"]
[PlyCount "87"]
[EventDate "2003.05.17"]
[EventType "team-tourn"]
[EventRounds "9"]
[EventCountry "CRO"]
[Source "ChessBase"]
[SourceDate "2003.07.09"]

1. Nf3 g6 2. c4 Bg7 3. d4 d6 4. Nc3 Nd7 5. e4 e5 6. Be2 c6 7. O-O Qe7 8. c5
exd4 9. cxd6 Qxd6 10. Be3 Ne7 11. Nxd4 g5 12. Bg4 Nb6 13. Ne6 Be5 14. Nxg5
Bxh2+ 15. Kh1 Qxd1 16. Bxd1 Be5 17. Bb3 Rf8 18. Rad1 Nd7 19. f4 Bxc3 20. bxc3
h6 21. Nf3 Nf6 22. Bd4 Nh5 23. Kh2 Nxf4 24. Ne5 Ne6 25. Be3 f6 26. Nc4 Ng6 27.
Nd6+ Ke7 28. Bxh6 Rh8 29. Nf5+ Ke8 30. Kg1 Ne5 31. Rd6 Nf7 32. Bg7 Nxg7 33.
Nxg7+ Ke7 34. Rdxf6 Ne5 35. R6f4 Bd7 36. Nf5+ Kd8 37. Nd6 Kc7 38. Nf7 Rhe8 39.
Rd1 Bg4 40. Rdf1 Be2 41. Rb1 Ng6 42. Rf6 Bd3 43. Rd1 Bxe4 44. Nd6 1-0

[Event "Mitropa Cup 22nd"]
[Site "Pula"]
[Date "2003.05.19"]
[Round "3"]
[White "Wirig, Anthony"]
[Black "Loetscher, Roland"]
[Result "1-0"]
[WhiteElo "2347"]
[BlackElo "2378"]
[PlyCount "101"]
[EventDate "2003.05.17"]
[EventType "team-tourn"]
[EventRounds "9"]
[EventCountry "CRO"]
[Source "ChessBase"]
[SourceDate "2003.07.09"]

1. c4 c5 2. Nc3 g6 3. g3 Bg7 4. Bg2 Nf6 5. d3 Nc6 6. Bf4 d6 7. Qd2 h5 8. Nf3
Bd7 9. Bg5 a6 10. O-O Rb8 11. d4 cxd4 12. Nxd4 Nxd4 13. Qxd4 O-O 14. Qd2 Re8
15. Rac1 b5 16. cxb5 axb5 17. Bxf6 Bxf6 18. Nd5 Bg7 19. Rc2 Rc8 20. Rxc8 Bxc8
21. Rc1 e6 22. Nc7 Re7 23. Nxb5 d5 24. Nd4 Rb7 25. b3 Bd7 26. e3 Qb6 27. Ne2
Ra7 28. Rc2 Bc6 29. Nf4 Bb7 30. Nd3 Bf8 31. Ne5 Qd6 32. Qd4 Ra8 33. Qf4 Qe7 34.
Nxg6 fxg6 35. Rc7 g5 36. Qe5 Bg7 37. Rxe7 Bxe5 38. Rxb7 Rxa2 39. Re7 Ra6 40.
Rxe6 Rxe6 41. Bxd5 Kf7 42. f4 gxf4 43. gxf4 Bd6 44. f5 Kf6 45. fxe6 h4 46. Kg2
Ke5 47. Bc4 Ke4 48. Kh3 Be7 49. Kg4 Ke5 50. Kh5 Kf5 51. e4+ 1-0

[Event "Mitropa Cup 22nd"]
[Site "Pula"]
[Date "2003.05.20"]
[Round "4"]
[White "Arlandi, Ennio"]
[Black "Balinov, Ilija"]
[Result "1/2-1/2"]
[WhiteElo "2456"]
[BlackElo "2446"]
[PlyCount "128"]
[EventDate "2003.05.17"]
[EventType "team-tourn"]
[EventRounds "9"]
[EventCountry "CRO"]
[Source "ChessBase"]
[SourceDate "2003.07.09"]

1. d4 Nf6 2. c4 e6 3. Nc3 Bb4 4. Qc2 c5 5. dxc5 Qc7 6. Nf3 Bxc5 7. g3 a6 8. Bg2
Be7 9. b3 b6 10. O-O Bb7 11. Bb2 d6 12. e4 Nbd7 13. Nd4 O-O 14. Rae1 Rfe8 15.
Qd1 Bf8 16. f4 Rad8 17. Kh1 Qb8 18. g4 e5 19. Nc2 g6 20. f5 b5 21. cxb5 d5 22.
exd5 axb5 23. fxg6 hxg6 24. g5 b4 25. gxf6 bxc3 26. Bxc3 Nb6 27. Ne3 Qa8 28.
Be4 Nxd5 29. Nxd5 Bxd5 30. Qf3 Re6 31. Qg2 Bxe4 32. Rxe4 Rd3 33. Rc4 e4 34. Rc1
Qd5 35. Be1 Rd1 36. h4 Bh6 37. Rxd1 Qxd1 38. Rxe4 Rxf6 39. Kh2 Kh7 40. Bg3 Rf5
41. Re1 Qd3 42. Qe2 Qd7 43. Rd1 Qa7 44. a4 Bf4 45. Rf1 Bxg3+ 46. Kxg3 Qc7+ 47.
Kg2 Rc5 48. Qf3 f5 49. Re1 Qd8 50. Kh3 Rc7 51. Re3 Qf6 52. Qf4 Rd7 53. Qg5 Qc6
54. Re7+ Rxe7 55. Qxe7+ Kg8 56. Qe3 Qf6 57. Qd3 Qa1 58. Qd5+ Kh7 59. a5 Qf1+
60. Qg2 Qd3+ 61. Kh2 Qd6+ 62. Kh3 Qd3+ 63. Qg3 Qe4 64. Kh2 Qe2+ 1/2-1/2

[Event "Mitropa Cup 22nd"]
[Site "Pula"]
[Date "2003.05.20"]
[Round "4"]
[White "Balogh, Csaba"]
[Black "Wirig, Anthony"]
[Result "0-1"]
[WhiteElo "2471"]
[BlackElo "2347"]
[PlyCount "105"]
[EventDate "2003.05.17"]
[EventType "team-tourn"]
[EventRounds "9"]
[EventCountry "CRO"]
[Source "ChessBase"]
[SourceDate "2003.07.09"]

1. e4 c5 2. Nf3 Nc6 3. d4 cxd4 4. Nxd4 g6 5. Nc3 Bg7 6. Be3 Nf6 7. Bc4 O-O 8.
Bb3 a5 9. O-O a4 10. Nxa4 Nxe4 11. Nb5 d6 12. Qe2 Ra6 13. c4 Nf6 14. Rfd1 Bg4
15. f3 Bd7 16. Nac3 Re8 17. a3 Qb8 18. Rac1 Ne5 19. Nd5 Rc6 20. Nxf6+ Bxf6 21.
Nc3 Be6 22. Nd5 Bxd5 23. Rxd5 Rec8 24. f4 Nd7 25. Ba4 R6c7 26. Rf1 Nf8 27. Bb5
Nd7 28. Qg4 Nf8 29. b3 Qa8 30. a4 Qa5 31. Qe2 Qc3 32. Rd3 Qa5 33. Rd5 Qb4 34.
Qd3 Ne6 35. Bb6 Rc6 36. a5 Nc7 37. Bxc7 R6xc7 38. a6 bxa6 39. Bxa6 Ra8 40. Bb5
Ra3 41. Ba4 Rc5 42. Rd1 Ra2 43. Qe3 Rxd5 44. Rxd5 Ra1+ 45. Kf2 Qa3 46. Kg3 Rc1
47. Rd3 Qa1 48. Bc6 Re1 49. Qf3 Rh1 50. Kh3 Qg1 51. Qg3 h5 52. Bd5 Kg7 53. f5
0-1

[Event "Mitropa Cup 22nd"]
[Site "Pula"]
[Date "2003.05.20"]
[Round "4"]
[White "Borgo, Giulio"]
[Black "Ragger, Markus"]
[Result "1-0"]
[WhiteElo "2425"]
[BlackElo "2280"]
[PlyCount "105"]
[EventDate "2003.05.17"]
[EventType "team-tourn"]
[EventRounds "9"]
[EventCountry "CRO"]
[Source "ChessBase"]
[SourceDate "2003.07.09"]

1. e4 c5 2. Nf3 d6 3. d4 cxd4 4. Nxd4 Nf6 5. f3 e5 6. Nb3 d5 7. Bg5 Be6 8. Bxf6
gxf6 9. exd5 Qxd5 10. Qxd5 Bxd5 11. Nc3 Be6 12. Bb5+ Nd7 13. Ne4 Be7 14. Nbc5
Bxc5 15. Nxc5 O-O-O 16. Nxe6 fxe6 17. O-O Nb6 18. Rae1 a6 19. Bd3 Nd5 20. g3
Kd7 21. Be4 Kc7 22. f4 exf4 23. Bxd5 exd5 24. Rxf4 Rhf8 25. Re6 Rd6 26. Re7+
Rd7 27. Re6 Rd6 28. Re7+ Rd7 29. Rxd7+ Kxd7 30. Rh4 Rf7 31. Kf2 Ke6 32. Ke3 Rc7
33. c3 Kd6 34. Rh5 b5 35. Kd3 Re7 36. g4 b4 37. Rf5 bxc3 38. Rxf6+ Kc5 39. bxc3
Re4 40. h3 Ra4 41. Rh6 Rxa2 42. g5 Rg2 43. h4 Rg3+ 44. Ke2 Rxc3 45. Rxh7 Kd6
46. g6 Ke6 47. h5 Rc2+ 48. Kf3 a5 49. g7 Kf7 50. h6 Rc8 51. Rh8 Rg8 52. Kf4 a4
53. Kf5 1-0

[Event "Mitropa Cup 22nd"]
[Site "Pula"]
[Date "2003.05.20"]
[Round "4"]
[White "Borisek, Jure"]
[Black "Sulava, Nenad"]
[Result "1-0"]
[WhiteElo "2422"]
[BlackElo "2516"]
[PlyCount "57"]
[EventDate "2003.05.17"]
[EventType "team-tourn"]
[EventRounds "9"]
[EventCountry "CRO"]
[Source "ChessBase"]
[SourceDate "2003.07.09"]

1. e4 e6 2. d4 d5 3. Nd2 dxe4 4. Nxe4 Nd7 5. Bd3 Ngf6 6. Qe2 c5 7. Nxf6+ Nxf6
8. dxc5 Bxc5 9. Bd2 O-O 10. O-O-O Qc7 11. Nf3 b5 12. h4 b4 13. h5 Bb7 14. Rh4
Nd5 15. Rg4 Kh8 16. Kb1 Qb6 17. Ka1 f5 18. Rg5 Be7 19. Rg3 Bf6 20. Bg5 Rad8 21.
h6 g6 22. Re1 Qa5 23. Qxe6 b3 24. Bxf6+ Nxf6 25. cxb3 Bxf3 26. Rxf3 Ne4 27. b4
Qxb4 28. Rxe4 Qxe4 29. Bxe4 1-0

[Event "Mitropa Cup 22nd"]
[Site "Pula"]
[Date "2003.05.20"]
[Round "4"]
[White "Cvitan, Ognjen"]
[Black "Pavasovic, Dusko"]
[Result "0-1"]
[WhiteElo "2551"]
[BlackElo "2584"]
[PlyCount "47"]
[EventDate "2003.05.17"]
[EventType "team-tourn"]
[EventRounds "9"]
[EventCountry "CRO"]
[Source "ChessBase"]
[SourceDate "2003.07.09"]

1. Nf3 d5 2. d4 c6 3. c4 e6 4. Nc3 Nf6 5. Bg5 h6 6. Bh4 dxc4 7. e4 g5 8. Bg3 b5
9. Be2 Bb7 10. h4 g4 11. Ne5 Rg8 12. Nxg4 Nbd7 13. O-O b4 14. Nxf6+ Nxf6 15. e5
bxc3 16. exf6 cxb2 17. Rb1 c3 18. Qb3 Rxg3 19. Qxb7 Rb8 20. Qxa7 Rg6 21. Bf3
Bd6 22. Bxc6+ Kf8 23. Be4 Qxf6 24. Qa6 0-1

[Event "Mitropa Cup 22nd"]
[Site "Pula"]
[Date "2003.05.20"]
[Round "4"]
[White "Fuchs, Georg"]
[Black "Scalcione, Michelangelo"]
[Result "0-1"]
[WhiteElo "2244"]
[BlackElo "2366"]
[PlyCount "40"]
[EventDate "2003.05.17"]
[EventType "team-tourn"]
[EventRounds "9"]
[EventCountry "CRO"]
[Source "ChessBase"]
[SourceDate "2003.07.09"]

1. e4 e5 2. Nf3 d6 3. d4 exd4 4. Nxd4 Nf6 5. Nc3 Be7 6. Be2 O-O 7. Be3 Re8 8.
Qd2 Bf8 9. f3 d5 10. exd5 Nxd5 11. Nxd5 Qxd5 12. Kf2 Nc6 13. Rad1 Bc5 14. c4
Qe5 15. Nc2 Bf5 16. Bd3 Rad8 17. Qe2 Bxd3 18. Rxd3 Rxd3 19. Qxd3 Nb4 20. Qc3
Nxc2 0-1

[Event "Mitropa Cup 22nd"]
[Site "Pula"]
[Date "2003.05.20"]
[Round "4"]
[White "Gallagher, Joseph G"]
[Black "Buhmann, Rainer"]
[Result "1/2-1/2"]
[WhiteElo "2515"]
[BlackElo "2526"]
[PlyCount "120"]
[EventDate "2003.05.17"]
[EventType "team-tourn"]
[EventRounds "9"]
[EventCountry "CRO"]
[Source "ChessBase"]
[SourceDate "2003.07.09"]

1. e4 e6 2. d4 d5 3. Nc3 Nf6 4. Bg5 dxe4 5. Nxe4 Be7 6. Bxf6 gxf6 7. Nf3 Nd7 8.
c4 f5 9. Nc3 Bf6 10. Qc2 c5 11. d5 Ne5 12. Be2 Bd7 13. O-O-O Qa5 14. dxe6 Bxe6
15. Nd5 Bxd5 16. Rxd5 Nxf3 17. Bxf3 Qxa2 18. Re1+ Kf8 19. Rxf5 Qa1+ 20. Kd2
Qa5+ 21. Ke2 Re8+ 22. Be4 Qb6 23. b3 Bd4 24. Kf1 Qh6 25. h3 b6 26. Qd3 Rg8 27.
Qf3 Rg7 28. g4 Qd6 29. Kg2 f6 30. Rd1 Rge7 31. Bc6 Rc8 32. Bd5 Kg7 33. g5 Rf8
34. Qg4 Kh8 35. Rxd4 cxd4 36. gxf6 Ref7 37. Bxf7 Rxf7 38. Rg5 Qd8 39. Rd5 Qxf6
40. Qxd4 Qxd4 41. Rxd4 Kg7 42. f4 Kf6 43. Kf3 Re7 44. Rd1 Kf5 45. b4 Rc7 46.
Rc1 Rd7 47. c5 bxc5 48. bxc5 Re7 49. Rc4 Re8 50. Rd4 Re1 51. Rd5+ Kf6 52. Rd7
Rc1 53. Rc7 Ke6 54. Ke4 Rc4+ 55. Kf3 h5 56. Kg3 a5 57. c6 a4 58. Ra7 Rxc6 59.
Rxa4 Rc3+ 60. Kh4 Rf3 1/2-1/2

[Event "Mitropa Cup 22nd"]
[Site "Pula"]
[Date "2003.05.20"]
[Round "4"]
[White "Gozzoli, Yannick"]
[Black "Flumbort, Andras"]
[Result "1/2-1/2"]
[WhiteElo "2431"]
[BlackElo "2439"]
[PlyCount "40"]
[EventDate "2003.05.17"]
[EventType "team-tourn"]
[EventRounds "9"]
[EventCountry "CRO"]
[Source "ChessBase"]
[SourceDate "2003.07.09"]

1. Nf3 c5 2. e4 e6 3. Nc3 Nc6 4. Bb5 Nge7 5. O-O a6 6. Bxc6 Nxc6 7. d4 cxd4 8.
Nxd4 Qc7 9. Re1 Bd6 10. Kh1 Nxd4 11. Qxd4 Be5 12. Qb4 b5 13. Nd5 exd5 14. exd5
d6 15. f4 O-O 16. fxe5 dxe5 17. Qe4 Bb7 18. Qxe5 Qxc2 19. Bf4 Rad8 20. Rac1 Qd3
1/2-1/2

[Event "Mitropa Cup 22nd"]
[Site "Pula"]
[Date "2003.05.20"]
[Round "4"]
[White "Kuba, Guenter"]
[Black "Sedina, Elena"]
[Result "1/2-1/2"]
[WhiteElo "2307"]
[BlackElo "2434"]
[PlyCount "83"]
[EventDate "2003.05.17"]
[EventType "team-tourn"]
[EventRounds "9"]
[EventCountry "CRO"]
[Source "ChessBase"]
[SourceDate "2003.07.09"]

1. e4 e6 2. d4 d5 3. Nd2 c5 4. exd5 exd5 5. Ngf3 Nc6 6. Bb5 Bd6 7. dxc5 Bxc5 8.
O-O Nge7 9. Nb3 Bd6 10. Bg5 O-O 11. Bh4 Bg4 12. Bg3 Bxg3 13. hxg3 Qb6 14. Be2
a5 15. a4 Rad8 16. Qd2 Nf5 17. Qf4 Bxf3 18. Bxf3 Nfd4 19. Nxd4 Nxd4 20. c3 Ne6
21. Qe3 d4 22. cxd4 Nxd4 23. Rfd1 Rfe8 24. Qc3 g6 25. Rd3 Rd6 26. Re1 Rxe1+ 27.
Qxe1 Re6 28. Qc3 Ne2+ 29. Bxe2 Rxe2 30. Qc8+ Kg7 31. Qc3+ Kg8 32. Qc8+ Kg7 33.
Qc3+ Qf6 34. Qxf6+ Kxf6 35. Rb3 Re1+ 36. Kh2 Re4 37. Rb6+ Kg7 38. Rxb7 Rxa4 39.
b3 Ra3 40. f3 h5 41. Rb6 Ra1 42. Ra6 1/2-1/2

[Event "Mitropa Cup 22nd"]
[Site "Pula"]
[Date "2003.05.20"]
[Round "4"]
[White "Laznicka, Viktor"]
[Black "Petrik, Tomas"]
[Result "1/2-1/2"]
[WhiteElo "2438"]
[BlackElo "2387"]
[PlyCount "80"]
[EventDate "2003.05.17"]
[EventType "team-tourn"]
[EventRounds "9"]
[EventCountry "CRO"]
[Source "ChessBase"]
[SourceDate "2003.07.09"]

1. e4 e6 2. d4 d5 3. Nd2 c5 4. exd5 Qxd5 5. Ngf3 cxd4 6. Bc4 Qd6 7. O-O Nf6 8.
Nb3 Nc6 9. Nbxd4 Nxd4 10. Qxd4 Bd7 11. Bf4 Qxd4 12. Nxd4 Rc8 13. Be2 Bc5 14.
Nb3 Bb6 15. c3 Ke7 16. a4 a6 17. a5 Ba7 18. Rfd1 Rhd8 19. Bd6+ Ke8 20. Be5 Ne4
21. Bd4 Bxd4 22. Rxd4 Bc6 23. Rb4 Nd6 24. Rd1 Ke7 25. f4 Bb5 26. Kf1 Bxe2+ 27.
Kxe2 Rc4 28. Rxd6 Rxb4 29. Rxd8 Rxb3 30. Rd2 e5 31. fxe5 Rb5 32. b4 Rxe5+ 33.
Kd3 Kd6 34. Kc4+ Kc6 35. Rd8 Re2 36. Rc8+ Kd6 37. Rb8 Kc6 38. Rc8+ Kd6 39. Rb8
Kc6 40. Rc8+ Kd6 1/2-1/2

[Event "Mitropa Cup 22nd"]
[Site "Pula"]
[Date "2003.05.20"]
[Round "4"]
[White "Loetscher, Roland"]
[Black "Doettling, Fabian"]
[Result "0-1"]
[WhiteElo "2378"]
[BlackElo "2520"]
[PlyCount "54"]
[EventDate "2003.05.17"]
[EventType "team-tourn"]
[EventRounds "9"]
[EventCountry "CRO"]
[Source "ChessBase"]
[SourceDate "2003.07.09"]

1. d4 d5 2. c4 e6 3. Nf3 Nf6 4. g3 dxc4 5. Bg2 Nc6 6. Qa4 Bb4+ 7. Bd2 Bd6 8.
Na3 Bxa3 9. bxa3 Qd5 10. O-O b5 11. Qd1 Bb7 12. Bf4 O-O 13. Bxc7 Rac8 14. Bf4
Rfd8 15. Be3 Qd6 16. Qc1 Ne7 17. Qb2 c3 18. Qxb5 Ba6 19. Qa5 Bxe2 20. Rfc1 Qd5
21. Qxd5 Nfxd5 22. Rab1 Rb8 23. Ng5 Rb2 24. Ne4 Bd3 25. Nxc3 Bxb1 26. Rxb1
Rxb1+ 27. Nxb1 Rb8 0-1

[Event "Mitropa Cup 22nd"]
[Site "Pula"]
[Date "2003.05.20"]
[Round "4"]
[White "Naumann, Alexander"]
[Black "Moor, Roger"]
[Result "1/2-1/2"]
[WhiteElo "2524"]
[BlackElo "2405"]
[PlyCount "78"]
[EventDate "2003.05.17"]
[EventType "team-tourn"]
[EventRounds "9"]
[EventCountry "CRO"]
[Source "ChessBase"]
[SourceDate "2003.07.09"]

1. Nf3 Nf6 2. c4 g6 3. Nc3 d5 4. Qa4+ Bd7 5. Qb3 dxc4 6. Qxc4 Bg7 7. e4 O-O 8.
e5 Ng4 9. d4 Be6 10. Qb5 Qc8 11. h3 Nh6 12. Bf4 c6 13. Qe2 f6 14. Qd2 Nf7 15.
Qe3 Nd7 16. Be2 Nb6 17. O-O Nd5 18. Nxd5 Bxd5 19. Rfe1 Nd8 20. exf6 exf6 21.
Bd6 Rf7 22. Bd1 Qe6 23. Qxe6 Nxe6 24. Bb3 Nc7 25. Bxd5 Nxd5 26. Re2 Bf8 27.
Bxf8 Kxf8 28. Kf1 Rd8 29. g3 g5 30. Nd2 Re7 31. Ne4 b6 32. a3 h6 33. Rae1 Rf7
34. Nd2 Re7 35. Ne4 Rf7 36. Nd2 Nc7 37. Rc1 Nb5 38. Nb3 Rd6 39. Rec2 Nxd4
1/2-1/2

[Event "Mitropa Cup 22nd"]
[Site "Pula"]
[Date "2003.05.20"]
[Round "4"]
[White "Neuman, Petr"]
[Black "Manik, Mikulas"]
[Result "1/2-1/2"]
[WhiteElo "2445"]
[BlackElo "2465"]
[PlyCount "27"]
[EventDate "2003.05.17"]
[EventType "team-tourn"]
[EventRounds "9"]
[EventCountry "CRO"]
[Source "ChessBase"]
[SourceDate "2003.07.09"]

1. d4 Nf6 2. c4 c6 3. Nc3 d5 4. e3 a6 5. Bd2 g6 6. Nf3 Bg7 7. Bd3 O-O 8. O-O
Bg4 9. h3 Bxf3 10. Qxf3 e6 11. Rfd1 Nbd7 12. Qe2 dxc4 13. Bxc4 b5 14. Bb3
1/2-1/2

[Event "Mitropa Cup 22nd"]
[Site "Pula"]
[Date "2003.05.20"]
[Round "4"]
[White "Schenk, Andreas"]
[Black "Huss, Andreas"]
[Result "1-0"]
[WhiteElo "2473"]
[BlackElo "2347"]
[PlyCount "41"]
[EventDate "2003.05.17"]
[EventType "team-tourn"]
[EventRounds "9"]
[EventCountry "CRO"]
[Source "ChessBase"]
[SourceDate "2003.07.09"]

1. d4 e6 2. c4 Nf6 3. Nc3 Bb4 4. Qc2 d5 5. cxd5 exd5 6. Bg5 h6 7. Bh4 c5 8.
dxc5 Nc6 9. e3 g5 10. Bg3 Qa5 11. Nge2 Bxc5 12. Nc1 Nb4 13. Qd1 Bf5 14. Bb5+
Ke7 15. O-O Rhd8 16. a3 Nc2 17. b4 Bxb4 18. Nb3 Bxc3 19. Nxa5 Bxa5 20. Ra2 Rac8
21. Ba4 1-0

[Event "Mitropa Cup 22nd"]
[Site "Pula"]
[Date "2003.05.20"]
[Round "4"]
[White "Stevic, Hrvoje"]
[Black "Sebenik, Matej"]
[Result "1-0"]
[WhiteElo "2550"]
[BlackElo "2423"]
[PlyCount "118"]
[EventDate "2003.05.17"]
[EventType "team-tourn"]
[EventRounds "9"]
[EventCountry "CRO"]
[Source "ChessBase"]
[SourceDate "2003.07.09"]

1. e4 e6 2. d4 d5 3. e5 c5 4. c3 Nc6 5. Nf3 Qb6 6. a3 c4 7. Nbd2 Na5 8. Be2 Bd7
9. O-O Ne7 10. Re1 Qc7 11. Rb1 Nc8 12. Nf1 Nb6 13. Bf4 h6 14. Qd2 Be7 15. h4
O-O-O 16. Ng3 Rdg8 17. Nh5 Qd8 18. Bg3 Ba4 19. Bf1 Nd7 20. Qf4 Bc2 21. Qxf7 Nf8
22. Nf4 Bxb1 23. Rxb1 Qd7 24. Ng6 Nxg6 25. Qxg6 Bd8 26. Nd2 Rf8 27. b3 cxb3 28.
Nxb3 Nxb3 29. Rxb3 Qf7 30. Qc2 Kb8 31. c4 g5 32. cxd5 gxh4 33. dxe6 Qxe6 34.
Bh2 Bb6 35. Bc4 Rc8 36. Rc3 Qg4 37. e6+ Ka8 38. Be5 Rhg8 39. Bf1 Qxe6 40. Bc4
Rxc4 41. Rxc4 h5 42. Kh2 h3 43. g3 h4 44. Rc3 hxg3+ 45. Rxg3 Rxg3 46. fxg3 a5
47. a4 Ka7 48. Qd1 Bd8 49. g4 Qd5 50. Kxh3 Qe4 51. Bg3 Qh7+ 52. Kg2 Qe4+ 53.
Kh2 Qd5 54. Be5 Qe4 55. Bg3 Qd5 56. Qd2 Bg5 57. Qc3 Be7 58. Qc7 Bb4 59. Qc2 Be7
1-0

[Event "Mitropa Cup 22nd"]
[Site "Pula"]
[Date "2003.05.20"]
[Round "4"]
[White "Tibensky, Robert"]
[Black "Simacek, Pavel"]
[Result "1/2-1/2"]
[WhiteElo "2438"]
[BlackElo "2417"]
[PlyCount "27"]
[EventDate "2003.05.17"]
[EventType "team-tourn"]
[EventRounds "9"]
[EventCountry "CRO"]
[Source "ChessBase"]
[SourceDate "2003.07.09"]

1. Nf3 Nf6 2. b3 c5 3. Bb2 b6 4. e3 Bb7 5. d4 e6 6. Bd3 Be7 7. O-O O-O 8. c4 d5
9. Nc3 Nc6 10. Qe2 Rc8 11. dxc5 dxc4 12. Bxc4 Bxc5 13. Ba6 Bxa6 14. Qxa6
1/2-1/2

[Event "Mitropa Cup 22nd"]
[Site "Pula"]
[Date "2003.05.20"]
[Round "4"]
[White "Varga, Peter"]
[Black "Libiszewski, Fabien"]
[Result "1/2-1/2"]
[WhiteElo "2486"]
[BlackElo "2369"]
[PlyCount "44"]
[EventDate "2003.05.17"]
[EventType "team-tourn"]
[EventRounds "9"]
[EventCountry "CRO"]
[Source "ChessBase"]
[SourceDate "2003.07.09"]

1. d4 d5 2. c4 dxc4 3. Qa4+ Nc6 4. e3 Nf6 5. Bxc4 Nd5 6. Qd1 Nb6 7. Bb3 g6 8.
Qf3 e6 9. h4 Bg7 10. h5 Qf6 11. Nc3 Qxf3 12. Nxf3 Bd7 13. Ne4 Na5 14. Bc2 Nd5
15. a3 Nc4 16. Bd3 Nd6 17. Nc5 Bc8 18. Bd2 b6 19. Ne4 O-O 20. Nxd6 cxd6 21.
hxg6 hxg6 22. Ke2 Bb7 1/2-1/2

[Event "Mitropa Cup 22nd"]
[Site "Pula"]
[Date "2003.05.21"]
[Round "5"]
[White "Banas, Jan"]
[Black "Borisek, Jure"]
[Result "1/2-1/2"]
[WhiteElo "2383"]
[BlackElo "2422"]
[PlyCount "137"]
[EventDate "2003.05.17"]
[EventType "team-tourn"]
[EventRounds "9"]
[EventCountry "CRO"]
[Source "ChessBase"]
[SourceDate "2003.07.09"]

1. c4 c5 2. Nf3 Nf6 3. Nc3 Nc6 4. e3 d5 5. cxd5 Nxd5 6. Bb5 Nxc3 7. bxc3 Bd7 8.
O-O a6 9. Be2 e5 10. d4 cxd4 11. cxd4 exd4 12. Nxd4 Qc7 13. Bb2 Bd6 14. h3 O-O
15. Rc1 Rad8 16. Qb3 Qb8 17. Nxc6 Bxc6 18. Bxa6 Bh2+ 19. Kh1 Bxg2+ 20. Kxg2
bxa6 21. Qc3 f6 22. f4 Rc8 23. Qb3+ Qxb3 24. axb3 Rxc1 25. Bxc1 Bxf4 26. exf4
Rb8 27. Rf3 Kf7 28. Rd3 a5 29. Bd2 Ra8 30. Rd7+ Kg8 31. Rb7 a4 32. bxa4 Rxa4
33. Bb4 h6 34. Kf3 Ra1 35. Rb8+ Kh7 36. Bf8 Kg8 37. Kg4 Rg1+ 38. Kf3 Rh1 39.
Bc5+ Kh7 40. Kg4 Rd1 41. Rb7 Kg8 42. Kf5 Rd2 43. Rb8+ Kh7 44. Bf8 Rd7 45. Ke6
Ra7 46. Be7 Kg6 47. f5+ Kg5 48. Rg8 Ra6+ 49. Bd6 Ra7 50. Rc8 Ra1 51. Rc5 Rh1
52. Bf8 g6 53. fxg6+ Kxg6 54. Rc3 Re1+ 55. Kd5 h5 56. Rg3+ Kf5 57. Rf3+ Kg5 58.
Bc5 Re5+ 59. Kd6 Re4 60. Be3+ Kg6 61. Kd5 Re5+ 62. Kd4 Re8 63. Kd3 Re5 64. Ke2
Re4 65. Kf2 Ra4 66. Kg3 Rc4 67. Bd2 Ra4 68. Bc3 Ra6 69. Bd4 1/2-1/2

[Event "Mitropa Cup 22nd"]
[Site "Pula"]
[Date "2003.05.21"]
[Round "5"]
[White "Brkic, Ante"]
[Black "Fuchs, Georg"]
[Result "1-0"]
[WhiteElo "2403"]
[BlackElo "2244"]
[PlyCount "105"]
[EventDate "2003.05.17"]
[EventType "team-tourn"]
[EventRounds "9"]
[EventCountry "CRO"]
[Source "ChessBase"]
[SourceDate "2003.07.09"]

1. e4 e5 2. Nf3 Nf6 3. Nxe5 d6 4. Nf3 Nxe4 5. d4 d5 6. Bd3 Bd6 7. O-O O-O 8. c4
c6 9. Qc2 Nf6 10. Bg5 h6 11. Bh4 dxc4 12. Bxc4 b5 13. Bb3 Bb7 14. Nbd2 Nbd7 15.
Qf5 Qc7 16. Rac1 Rae8 17. Rfd1 Qb6 18. Nf1 Bc8 19. Qg6 c5 20. dxc5 Bxc5 21. Re1
Ne4 22. Qxb6 axb6 23. Bd5 Ndf6 24. Bc6 Bd7 25. Bxd7 Nxd7 26. Red1 Ndf6 27. Nd4
g5 28. Bg3 Nxg3 29. Nxg3 Ne4 30. Kf1 b4 31. Ndf5 Kh7 32. Rc2 Ra8 33. f3 Nf6 34.
b3 Nd5 35. Ne2 Nc7 36. Rd7 Nb5 37. g4 Ra7 38. Rxa7 Nxa7 39. Neg3 Nb5 40. Ne4
Rc8 41. Ke2 Rd8 42. Rd2 Ra8 43. Kd3 Na3 44. Ke2 Nb1 45. Rd7 Rxa2+ 46. Kd3 Kg6
47. Rc7 Rxh2 48. Rc6+ f6 49. Nxc5 Rd2+ 50. Ke3 Rd5 51. Rc7 Rxf5 52. gxf5+ Kxf5
53. Ne4 1-0

[Event "Mitropa Cup 22nd"]
[Site "Pula"]
[Date "2003.05.21"]
[Round "5"]
[White "Buhmann, Rainer"]
[Black "Varga, Peter"]
[Result "1-0"]
[WhiteElo "2526"]
[BlackElo "2486"]
[PlyCount "115"]
[EventDate "2003.05.17"]
[EventType "team-tourn"]
[EventRounds "9"]
[EventCountry "CRO"]
[Source "ChessBase"]
[SourceDate "2003.07.09"]

1. d4 d5 2. c4 c6 3. Nf3 Nf6 4. e3 Bf5 5. Nc3 e6 6. Nh4 Be4 7. f3 Bg6 8. Qb3
Qc7 9. g4 Be7 10. g5 dxc4 11. Bxc4 Nfd7 12. Nxg6 hxg6 13. f4 Nb6 14. Be2 N8d7
15. Bd2 Nd5 16. Rc1 Qb6 17. h4 Qxb3 18. axb3 O-O-O 19. Kf2 Kb8 20. Ne4 Rc8 21.
Nc5 N5b6 22. b4 a6 23. Rcg1 Nf8 24. Rh3 Rd8 25. Rgh1 f6 26. gxf6 gxf6 27. h5
gxh5 28. Rxh5 Rxh5 29. Rxh5 Nd5 30. f5 exf5 31. Rxf5 Nc7 32. Rh5 Nce6 33. Be1
Ng5 34. Bd3 a5 35. Ke2 axb4 36. Bxb4 Bd6 37. Rh6 Bxc5 38. Bxc5 Nd7 39. Be7 Re8
40. Bd6+ Ka7 41. Bg6 Re6 42. Bf4 Re7 43. Kd3 Nb6 44. e4 Ne6 45. Be3 Nf8 46. Bf5
Nfd7 47. Rh5 Ka6 48. Bh3 Nc8 49. b4 Nd6 50. Ra5+ Kb6 51. e5 Nb5 52. e6 Nf8 53.
d5+ Kc7 54. Rxb5 cxb5 55. Bc5 Rh7 56. Bf5 Rh8 57. d6+ Kc8 58. Bb6 1-0

[Event "Mitropa Cup 22nd"]
[Site "Pula"]
[Date "2003.05.21"]
[Round "5"]
[White "Doettling, Fabian"]
[Black "Balogh, Csaba"]
[Result "1-0"]
[WhiteElo "2520"]
[BlackElo "2471"]
[PlyCount "71"]
[EventDate "2003.05.17"]
[EventType "team-tourn"]
[EventRounds "9"]
[EventCountry "CRO"]
[Source "ChessBase"]
[SourceDate "2003.07.09"]

1. Nf3 Nf6 2. c4 e6 3. Nc3 Bb4 4. Qc2 O-O 5. a3 Bxc3 6. Qxc3 d6 7. e3 e5 8. b4
Nbd7 9. Bb2 c5 10. Be2 Re8 11. O-O b6 12. Rae1 Bb7 13. d4 cxd4 14. exd4 Rc8 15.
dxe5 dxe5 16. Qb3 Qc7 17. Rd1 Nf8 18. Rfe1 Ng6 19. Bf1 a5 20. h3 axb4 21. axb4
h6 22. Re3 Nd7 23. Red3 Ndf8 24. Rd6 Re6 25. Rxe6 Nxe6 26. Re1 e4 27. Nd4 Nef4
28. Nf5 f6 29. c5+ Kh7 30. Nd6 Rb8 31. Nxb7 Rxb7 32. cxb6 Qc6 33. b5 Qd5 34.
Qxd5 Nxd5 35. Rxe4 Rxb6 36. Bd3 1-0